|
|
|
|
| LEADER |
00628cam a2200205ua 4500 |
| 008 |
060815t2001||||||||||| 00 ||eng c |
| 020 |
|
|
|a 81-206-0626-4
|
| 041 |
0 |
|
|a eng
|
| 082 |
|
|
|a 423.914 6
|b MAF/E
|
| 245 |
0 |
0 |
|a English-Konkani dictionary /
|
| 260 |
|
|
|a New Delhi:
|b AES,
|c 2001.
|
| 300 |
|
|
|a ix, 545p..
|
| 362 |
1 |
|
|a 2001.
|
| 365 |
|
|
|a Rs.695/-
|e hb
|
| 504 |
|
|
|a .
|
| 650 |
0 |
|
|a English-Konkani-Dictionaries
|
| 700 |
0 |
2 |
|a Maffei, Angelus Francis Xavier,
|
| 942 |
|
|
|c REF
|
| 999 |
|
|
|c 10725
|d 10725
|
| 952 |
|
|
|0 0
|1 0
|4 0
|6 423_914000000000000_6_MAF
|7 0
|9 11188
|a KUCL
|b KUCL
|d 2014-05-23
|l 0
|o 423.914 6 MAF/
|p 12594
|r 2017-03-09
|w 2014-05-23
|y REF
|